Library Banner

Emotion / (Record no. 109940)

MARC details
000 -LEADER
fixed length control field 00478nam a22001817a 4500
005 - DATE AND TIME OF LATEST TRANSACTION
control field 20190101090829.0
008 - FIXED-LENGTH DATA ELEMENTS--GENERAL INFORMATION
fixed length control field 190101b ||||| |||| 00| 0 eng d
020 ## - INTERNATIONAL STANDARD BOOK NUMBER
International Standard Book Number 97890190635510
040 ## - CATALOGING SOURCE
Transcribing agency PK-LaUMT
082 ## - DEWEY DECIMAL CLASSIFICATION NUMBER
Classification number 152.4
Item number SHI-E
100 ## - MAIN ENTRY--PERSONAL NAME
Personal name Shiota, Michelle N.
245 ## - TITLE STATEMENT
Title Emotion /
Statement of responsibility, etc by Michelle N. Shiota and James W. Kalat
260 ## - PUBLICATION, DISTRIBUTION, ETC. (IMPRINT)
Place of publication, distribution, etc New York :
Name of publisher, distributor, etc Oxford University Press,
Date of publication, distribution, etc 2018
300 ## - PHYSICAL DESCRIPTION
Extent 554 p.
546 ## - LANGUAGE NOTE
Language note English
650 ## - SUBJECT ADDED ENTRY--TOPICAL TERM
Topical term or geographic name as entry element Emotions
942 ## - ADDED ENTRY ELEMENTS (KOHA)
Koha item type Books
Holdings
Withdrawn status Lost status Damaged status Home library Current library Date acquired Full call number Barcode Date last seen Price effective from Koha item type
      UMT Main Campus UMT Main Campus 2019-01-01 152.4 SHI-E 127512 2024-12-27 2019-01-01 Books